000 00299nam a22001217a 4500
008 170905b xxu||||| |||| 00| 0 eng d
041 _aalb
080 _a621
100 _a27
101 _aIM
245 _aMAKINAT METAL PËRPUNUESE ME DIRIGJIM NUMERIK DHE PROGRAMIMI
_cKRASNIQI,Z
942 _2udc
_cBK
999 _c26131
_d26131